000
00341nam a22001457a 4500
008
210302b ||||| |||| 00| 0 eng d
020
_a
9781898683179
041
_a
eng
080
_2
2nd
_a
616-053.2
082
_a
616-053.2
100
_a
8
101
_a
PED
245
_a
Peripheral Neuropathy in Childhood
_c
Ovrier, R.A
942
_2
udc
_c
BK
999
_c
55518
_d
55518